01072cam a2200277 a 450000100090000000300040000900500170001300800410003001000170007102000180008804000180010605000250012410000350014924500730018426000390025730000360029644000340033250000510036665000550041765000430047285600820051590600450059794200140064299900170065695201210067315055135OSt20140310182521.0071023s2008 nyua j b 001 0 eng  a 2007043665 a9780791097595 aDLCcDLCdDLC00aRM 671.A1b.K66 20081 aKnowles, Johanna d1970-9841210aJunior drug awareness : cJohanna Knowles.bover-the-counter drugs / aNew York :bChelsea House,cc2008. a106 p. :bill. col. ;c24 cm. aJunior drug awareness :98413 aIncludes bibliographical references and index. 0aDrugs, NonprescriptionvJuvenile literature.98414 0aDrug abusevJuvenile literature.98415413Table of contents onlyuhttp://www.loc.gov/catdir/toc/ecip083/2007043665.html a7bcbccorignewd1eecipf20gy-gencatlg 2lcccSSLC c14023d14023 00102lcc40aSSLCbSSLCcSSLCd2013-08-10l0oRM 671.A1 .K66 2008pSSLC0421r2018-05-15 00:00:00t1w2013-08-10yBK